LEADER 00970nam0 2200301 450 001 000029071 005 20121011143353.0 010 $a978-88-15-23284-7 100 $a20120823d2012----km-y0itay50------ba 101 0 $aita 102 $aIT 200 1 $aFondamenti di psicologia della comunicazione$fLuigi Anolli 205 $a2. ed 210 $aBologna$cIl Mulino$d2012$h2011 215 $a328 p.$cill.$d24 cm. 225 2 $aManuali. Psicologia 300 $aSul front.: Aulaweb 410 0$12001$aManuali. Psicologia 451 0$1001000026953 500 10$aFondamenti di psicologia della comunicazione$941457 610 1 $aComunicazione 676 $a153.6$v21$9Processi mentali consci. Comunicazione 700 1$aAnolli,$bLuigi$0185099 801 0$aIT$bUNIPARTHENOPE$c20120823$gRICA$2UNIMARC 912 $a000029071 951 $a153-F/3$b44186$cNAVA1$d2012 996 $aFondamenti di psicologia della comunicazione$941457 997 $aUNIPARTHENOPE LEADER 01921nam0 2200421 i 450 001 VAN0103941 005 20220222082953.81 017 70$2N$a978-3-319-09513-4 100 $a20151201d2014 |0itac50 ba 101 $aeng 102 $aCH 105 $a|||| ||||| 200 1 $aMathematical adventures in performance analysis$efrom storage systems, through airplane boarding, to express line queues$fEitan Bachmat 210 $aCham$cBirkhäuser$cSpringer$d2014 215 $aXI, 290 p.$d24 cm 410 1$1001VAN0057314$12001 $aModeling and simulation in science, engineering and technology$1210 $aBoston [etc.]$cBirkhäuser 500 1$3VAN0241062$aMathematical adventures in performance analysis$91409903 606 $a68-XX$xComputer science [MSC 2020]$3VANC019670$2MF 606 $a00-XX$xGeneral and overarching topics; collections [MSC 2020]$3VANC025238$2MF 606 $a90-XX$xOperations research, mathematical programming [MSC 2020]$3VANC025650$2MF 610 $aLorentzian geometry$9KW:K 610 $aMetric spaces$9KW:K 610 $aNumber theory$9KW:K 610 $aPerformance Analysis$9KW:K 610 $aQueuing theory$9KW:K 610 $aStorage systems$9KW:K 620 $aCH$dCham$3VANL001889 700 1$aBachmat$bEitan$3VANV081027$0721250 712 $aBirkhäuser $3VANV108193$4650 712 $aSpringer $3VANV108073$4650 801 $aIT$bSOL$c20240614$gRICA 856 4 $uhttp://dx.doi.org/10.1007/978-3-319-09513-4$zE-book ? Accesso al full-text attraverso riconoscimento IP di Ateneo, proxy e/o Shibboleth 899 $aBIBLIOTECA CENTRO DI SERVIZIO SBA$2VAN15 912 $fN 912 $aVAN0103941 950 $aBIBLIOTECA CENTRO DI SERVIZIO SBA$d15CONS SBA EBOOK 4515 $e15EB 4515 20191106 996 $aMathematical adventures in performance analysis$91409903 997 $aUNICAMPANIA